The object primer: the application developer's guide to object orientation and the UML (Record no. 52464)

MARC details
000 -LEADER
fixed length control field 00616nam a2200157 a 4500
008 - FIXED-LENGTH DATA ELEMENTS--GENERAL INFORMATION
fixed length control field 120416s2001 ||||||||||||||||| || u
020 ## - INTERNATIONAL STANDARD BOOK NUMBER
International Standard Book Number 0521785197
050 ## - LIBRARY OF CONGRESS CALL NUMBER
Classification number QA 76.64 Amb
100 ## - MAIN ENTRY--PERSONAL NAME
Personal name Ambler, Scott W
245 14 - TITLE STATEMENT
Title The object primer: the application developer's guide to object orientation and the UML
260 ## - PUBLICATION, DISTRIBUTION, ETC.
Place of publication, distribution, etc. Cambridge:
Name of publisher, distributor, etc. CUP
Date of publication, distribution, etc. 2001
300 ## - PHYSICAL DESCRIPTION
Extent xxiii, 523p. : ill.
350 ## - PRICE (NR) (BK AM CF MU VM SE) [OBSOLETE]
Price 0.00
650 #0 - SUBJECT ADDED ENTRY--TOPICAL TERM
Topical term or geographic name entry element OBJECT-ORIENTED METHODS (COMPUTER SCIENCE)
995 ## - RECOMMENDATION 995 [LOCAL, UNIMARC FRANCE]
-- 0.00
-- CBU-MAIN LIBRARY (Kitwe)
-- 1
-- 34.00
-- 1
-- AVAILABLE
-- Main Library Open Access Collection
Holdings
Withdrawn status Lost status Source of classification or shelving scheme Damaged status Not for loan Home library Current library Shelving location Date acquired Total Checkouts Full call number Barcode Date last seen Price effective from Koha item type
          CBU-MAIN LIBRARY, KITWE. CBU-MAIN LIBRARY, KITWE.   11/30/2022   QA 76.64 Amb 47847 11/30/2022 11/30/2022 MONOGRAPH